000 00568nam a22001937a 4500
999 _c62322
_d62322
005 20240926101348.0
008 240926s2005 enk||||| |||| 00| 0 eng d
020 _a9780727916273x
041 _aeng
080 _a575:61 61 K-61
100 _aKingston, Helen M.
_923289
245 _aABC of Clinical Genetics /
_cHelen M. Kingston.
250 _a3rd Edition
264 _aLondon :
_bBMJ Books,
_c2005
300 _a120 p.:
_bill.;
_c27 cm.
653 _aკლინიკური გენეტიკა
653 _aმედიცინა
942 _2udc
_cBK